00908naa a2200241 uc450000100070000000500170000700800410002403500110006504000130007604100080008910000450009724501250014226000430026730000140031065000500032465000320037465000370040665000320044365000320047570000390050770000460054677300740059289757020240201194111.0041029s2003 spa  a897570 ccomduadb aspa10aRestrepo Velez, Carolina Maria4auteaut10aPrograma de capacitacion dirigido a las empleadas del servicio de alimentacion de la E.S.E Hospital San Rafael de Itagui aItagüí :b[sin publicador],c2003. a320 hojas 7aServicio de alimentación en hospitales2dcs aProgramas de capacitación aHospital San Rafael (Itagüí) aManipulación de alimentos aDesinfección de alimentos10aRios Arias, Ines Rubiela4auteaut10aMuñoz Torres, Sandra Patricia4auteaut0 tTrabajos de practica academica 2003w884299w(OCoLC)7778818550316866